000 00578nam a2200217Ia 4500
003 OSt
005 20250920113935.0
008 210719s1970 xx 000 0 und d
040 _cAL
041 _aTulu
082 _aT894.2 RAMS
100 _aRAMAKIRODIAN (B)
_dರಾಮಕಿರೋಡಿಯನ್ (ಬಿ)
_9239875
245 _aSarpa sankale
_bಸರ್ಪ ಸಂಕಲೆ
260 _aMangaluru
_c1970
300 _a100
_bPB
365 _b1.5
_cRs
650 _aTulu Drama
_9239876
650 _aTulu Drama
_9239876
906 _asankale ; Sarpa
942 _2ddc
_cBK
999 _c214731
_d214731